Koncepcia modulov výučby ekonomických predmetov na neekonomických vysokých školách podporujúcich ekonomické vzdelávanie absolventov zamestnaných na základe pracovno-právneho vzťahu

Návrhy modulov na výučbu ekonomických a príbuzných predmetov na neekonomických vysokých školách, vhodných na rozšírenie ekonomického vzdelávania pre absolventov, ktorí majú záujem o uplatnenie sa v zamestnaní na základe pracovno-právneho vzťahu.

Gespeichert in:
Bibliographische Detailangaben
1. Verfasser: Záležáková, Eliška
Format: Buchkapitel
Sprache:Slowakisch
Schlagworte:
Tags: Tag hinzufügen
Keine Tags, Fügen Sie das erste Tag hinzu!

MARC

LEADER 00000naa$a2200000$$$4500
001 0205743
005 20240502073426.6
041 0 |a slo 
044 |a SK 
245 1 0 |a Koncepcia modulov výučby ekonomických predmetov na neekonomických vysokých školách podporujúcich ekonomické vzdelávanie absolventov zamestnaných na základe pracovno-právneho vzťahu  |c Eliška Záležáková 
520 |a Návrhy modulov na výučbu ekonomických a príbuzných predmetov na neekonomických vysokých školách, vhodných na rozšírenie ekonomického vzdelávania pre absolventov, ktorí majú záujem o uplatnenie sa v zamestnaní na základe pracovno-právneho vzťahu. 
610 2 0 |a absolventi 
610 2 0 |a vzdelávanie ďalšie 
610 2 0 |a kariéra 
610 2 0 |a kvalifikácia 
610 2 0 |a zručnosti 
610 2 0 |a zamestnateľnosť 
610 2 0 |a vzťahy pracovnoprávne 
100 1 |a Záležáková, Eliška